000
00309 a2200145 4500
001
47490
020
_a
9788574066806
040
_c
Anchieta - Aquarius
100
_a
Mundy, Angelo
240
1
0
_a
O gigante
_l
por
245
1
0
_a
O gigante
300
_a
32p.
650
4
_a
Literatura infanto-juvenil
942
_c
BK
999
_c
47490
_d
47490